000 00509nam a2200169 a 4500
005 20140414093846.0
008 091124s19uu xx 00 eng d
050 _aCDB 372.21
_bBEG-2 2008
100 _aGordon, Ann Miles
245 _aBeginnings and beyond :
_bFoundations in early childhood education.
250 _a7th edition
260 _aAustralia :
_bThomson,
_cc2008.
650 _aEarly childhood education.
650 _aEarly childhood education
_xCurricula.
942 _cAVM
999 _c109583
_d109583